[Event "BL2-West 1516"]
[Site "Germany"]
[Date "2016.04.10"]
[Round "9.8"]
[White "Lemanczyk, Thomas"]
[Black "Hoolt, Sarah"]
[Result "0-1"]
[WhiteElo "2254"]
[BlackElo "2242"]
[PlyCount "78"]
[EventDate "2015.09.20"]
[EventType "team-tourn"]
[EventRounds "9"]
[EventCountry "GER"]
[SourceTitle "EXT 2017"]
[Source "ChessBase"]
[SourceDate "2016.10.25"]
[SourceVersion "1"]
[SourceVersionDate "2016.10.25"]
[SourceQuality "1"]
[WhiteTeam "Solingen"]
[BlackTeam "Katernberg"]
[WhiteTeamCountry "GER"]
[BlackTeamCountry "GER"]

1. Nf3 Nf6 2. c4 c5 3. Nc3 d5 4. cxd5 Nxd5 5. d4 cxd4 6. Qxd4 Nxc3 7. Qxc3 Nc6 8. e4 Bd7 9. Bd2 Rc8 10. Bc4 e6 11. 0-0 Na5 12. Qxa5 Qxa5 13. Bxa5 Rxc4 14. Ne5 Rxe4 15. Nxd7 Kxd7 16. Rfd1+ Bd6 17. Rd3 Rc8 18. Rad1 Rc6 19. b3 Ke7 20. f3 Rh4 21. g3 Rh5 22. Bc3 g6 23. Bd4 Rd5 24. Bxa7 Rxd3 25. Rxd3 Ra6 26. Be3 Rxa2 27. Bg5+ Kd7 28. Bf4 Ra6 29. Kg2 f6 30. h4 e5 31. Bd2 Ke6 32. Kh3 Be7 33. Be3 Rd6 34. Rc3 Rc6 35. Rd3 b5 36. h5 Rd6 37. Rc3 b4 38. Rc8 Rd3 39. Bf2 gxh5 0-1

[Event "Niederrhein-ch"]
[Site "Solingen"]
[Date "2016.03.21"]
[Round "3"]
[White "Heinert, Eugen"]
[Black "Lemanczyk, Thomas"]
[Result "1/2-1/2"]
[WhiteElo "2112"]
[BlackElo "2161"]
[PlyCount "32"]
[EventDate "2016.03.19"]
[EventType "swiss"]
[EventRounds "7"]
[EventCountry "GER"]
[SourceTitle "EXT 2018"]
[Source "ChessBase"]
[SourceDate "2017.10.13"]
[SourceVersion "1"]
[SourceVersionDate "2017.10.13"]
[SourceQuality "1"]

1. d4 Nf6 2. Bg5 d5 3. e3 c5 4. Bxf6 gxf6 5. dxc5 e6 6. c4 dxc4 7. Nd2 c3 8. bxc3 Bxc5 9. Ngf3 Be7 10. Qc2 Nd7 11. Rd1 Qc7 12. Be2 Nc5 13. 0-0 Bd7 14. Nd4 a6 15. Rb1 Rc8 16. c4 0-0 1/2-1/2

[Event "Niederrhein-ch"]
[Site "Solingen"]
[Date "2016.03.19"]
[Round "1"]
[White "Komans, Dieter"]
[Black "Lemanczyk, Thomas"]
[Result "0-1"]
[WhiteElo "2010"]
[BlackElo "2161"]
[PlyCount "112"]
[EventDate "2016.03.19"]
[EventType "swiss"]
[EventRounds "7"]
[EventCountry "GER"]
[SourceTitle "EXT 2018"]
[Source "ChessBase"]
[SourceDate "2017.10.13"]
[SourceVersion "1"]
[SourceVersionDate "2017.10.13"]
[SourceQuality "1"]

1. e4 e5 2. Nf3 Nc6 3. Bb5 Nf6 4. 0-0 Nxe4 5. d4 Nd6 6. dxe5 Nxb5 7. a4 d6 8. Bg5 Be7 9. Bxe7 Qxe7 10. axb5 Nxe5 11. Nc3 Bg4 12. Nd5 Qd8 13. Ra4 0-0 14. Re1 Bxf3 15. gxf3 c6 16. f4 Ng6 17. bxc6 bxc6 18. Ne3 Qf6 19. f5 Ne5 20. Kh1 d5 21. Rg1 Rfe8 22. Qh5 g6 23. Rh4 Qg7 24. f6 Qxf6 25. Nf5 Qh8 26. Rf4 Re6 27. Nh6+ Kf8 28. Qh3 Rf6 29. Qa3+ Ke8 30. Qe3 Rxf4 31. Qxf4 f6 32. Re1 Kd7 33. Ng4 Nxg4 34. Qxg4+ f5 35. Qb4 Re8 36. Ra1 Qe5 37. Rxa7+ Ke6 38. Qc5 Qe4+ 39. Kg1 Qg4+ 40. Kf1 Qh3+ 41. Kg1 Kf6 42. Qd4+ Kg5 43. Qd2+ f4 44. Ra3 Qe6 45. h4+ Kxh4 46. Kg2 g5 47. Kf1 Qe4 48. f3 Qe6 49. Qf2+ Kh5 50. Ra6 Qh3+ 51. Kg1 Re3 52. Ra3 d4 53. Rxe3 dxe3 54. Qe2 g4 55. Qc4 Qg3+ 56. Kh1 Qxf3+ 0-1

[Event "CP-2014-S-00004"]
[Site "LSS email"]
[Date "2014.05.12"]
[Round "?"]
[White "Chukanov, Igor"]
[Black "Lemanczyk, Thomas"]
[Result "1/2-1/2"]
[WhiteElo "2372"]
[BlackElo "2357"]
[PlyCount "56"]
[EventDate "2014.05.18"]
[EventType "tourn (corr)"]
[EventRounds "7"]
[EventCountry "GER"]
[SourceTitle "Corr 2022"]
[Source "ChessBase"]
[SourceDate "2021.10.24"]
[SourceVersion "1"]
[SourceVersionDate "2021.10.24"]
[SourceQuality "1"]

1. e4 e5 2. Nf3 Nc6 3. Bb5 Nf6 4. d3 Bc5 5. c3 0-0 6. 0-0 Re8 7. Nbd2 a6 8. Bxc6 dxc6 9. Nc4 Nd7 10. b4 Bd6 11. Bg5 f6 12. Be3 Nf8 13. Nh4 Ne6 14. Qc2 Bf8 15. Rfd1 c5 16. bxc5 Nxc5 17. Nf5 Bxf5 18. exf5 Qd7 19. d4 Qa4 20. Qb1 exd4 21. Rxd4 Qc6 22. Na5 Qb5 23. Nb3 Nxb3 24. Qxb3+ Qxb3 25. axb3 Rad8 26. Kf1 Rxd4 27. Bxd4 Kf7 28. h3 Rd8 1/2-1/2

[Event "CP-2014-S-00004"]
[Site "LSS email"]
[Date "2014.05.12"]
[Round "?"]
[White "Zavrazhnov, Andrej"]
[Black "Lemanczyk, Thomas"]
[Result "1/2-1/2"]
[WhiteElo "2333"]
[BlackElo "2357"]
[PlyCount "71"]
[EventDate "2014.05.18"]
[EventType "tourn (corr)"]
[EventRounds "7"]
[EventCountry "GER"]
[SourceTitle "Corr 2022"]
[Source "ChessBase"]
[SourceDate "2021.10.24"]
[SourceVersion "1"]
[SourceVersionDate "2021.10.24"]
[SourceQuality "1"]

1. e4 e5 2. Nf3 Nc6 3. Bb5 Nf6 4. 0-0 Nxe4 5. d4 Nd6 6. Bxc6 dxc6 7. dxe5 Nf5 8. Qxd8+ Kxd8 9. Nc3 Bd7 10. h3 h6 11. b3 Kc8 12. Bb2 b6 13. Rad1 c5 14. Nd5 a5 15. a4 c4 16. g4 Ne7 17. Nf4 Nc6 18. e6 fxe6 19. Ng6 Rg8 20. Nge5 Nxe5 21. Nxe5 Be8 22. Nxc4 b5 23. axb5 Bxb5 24. Rd4 a4 25. Ra1 Rb8 26. Re4 g5 27. Rxe6 Kd7 28. Re4 Bxc4 29. Rxc4 axb3 30. Rd1+ Bd6 31. Rd3 bxc2 32. Rxc2 Rge8 33. Kg2 Ra8 34. Rc5 Ke6 35. Rcd5 Rg8 36. Bc3 1/2-1/2

[Event "CP-2013-F-00001"]
[Site "LSS email"]
[Date "2013.08.25"]
[Round "?"]
[White "Dvoinikov, Andrej"]
[Black "Lemanczyk, Thomas"]
[Result "1/2-1/2"]
[WhiteElo "2541"]
[BlackElo "2347"]
[PlyCount "84"]
[EventDate "2013.09.01"]
[EventType "tourn (corr)"]
[EventRounds "16"]
[EventCountry "GER"]
[SourceTitle "Corr 2022"]
[Source "ChessBase"]
[SourceDate "2021.10.24"]
[SourceVersion "1"]
[SourceVersionDate "2021.10.24"]
[SourceQuality "1"]

1. e4 e5 2. Nf3 Nf6 3. Nxe5 d6 4. Nf3 Nxe4 5. d4 d5 6. Bd3 Nc6 7. 0-0 Be7 8. c4 Nb4 9. Be2 0-0 10. Nc3 Bf5 11. a3 Nxc3 12. bxc3 Nc6 13. Re1 Re8 14. cxd5 Qxd5 15. Bf4 Rac8 16. h3 h6 17. Nd2 Na5 18. Bf3 Qd7 19. Ne4 Bf8 20. Ra2 Nc4 21. a4 Nd6 22. Nc5 Rxe1+ 23. Qxe1 Re8 24. Re2 Rxe2 25. Qxe2 Qc8 26. g4 b6 27. gxf5 bxc5 28. dxc5 Nxf5 29. Bg4 c6 30. Qd3 g6 31. a5 Qe6 32. Bxf5 Qxf5 33. Qxf5 gxf5 34. a6 Kg7 35. h4 h5 36. Bd6 Bxd6 37. cxd6 Kf6 38. Kg2 Ke6 39. Kf3 Kxd6 40. Kf4 Ke6 41. Kg5 Ke5 42. Kxh5 Kf4 1/2-1/2

[Event "CP-2013-F-00001"]
[Site "LSS email"]
[Date "2013.08.25"]
[Round "?"]
[White "Lemanczyk, Thomas"]
[Black "Dolgov, Igor"]
[Result "1/2-1/2"]
[WhiteElo "2347"]
[BlackElo "2530"]
[PlyCount "56"]
[EventDate "2013.09.01"]
[EventType "tourn (corr)"]
[EventRounds "16"]
[EventCountry "GER"]
[SourceTitle "Corr 2022"]
[Source "ChessBase"]
[SourceDate "2021.10.24"]
[SourceVersion "1"]
[SourceVersionDate "2021.10.24"]
[SourceQuality "1"]

1. d4 d5 2. Nf3 Nf6 3. c4 c6 4. Nc3 dxc4 5. a4 Bf5 6. e3 e6 7. Ne5 Nbd7 8. Nxd7 Qxd7 9. Bxc4 Bg6 10. 0-0 Rd8 11. Qe2 Bb4 12. Bd2 Qe7 13. Rfd1 0-0 14. Be1 c5 15. dxc5 Qxc5 16. Rac1 a6 17. f3 Qe7 18. Ba2 h6 19. e4 Nd7 20. Kh1 Ne5 21. Bf2 Rxd1+ 22. Rxd1 Rd8 23. Rxd8+ Qxd8 24. Bb1 Qa5 25. Qc2 Bc5 26. h3 Bxf2 27. Qxf2 Nc6 28. f4 f6 1/2-1/2

[Event "Solingen-ch"]
[Site "Solingen"]
[Date "2012.09.14"]
[Round "1"]
[White "Lemanczyk, Thomas"]
[Black "Brinkmann, Katharina"]
[Result "1-0"]
[WhiteElo "2267"]
[BlackElo "1545"]
[PlyCount "51"]
[EventDate "2012.09.14"]
[EventType "swiss"]
[EventRounds "7"]
[EventCountry "GER"]
[SourceTitle "EXT 2015"]
[Source "ChessBase"]
[SourceDate "2014.11.20"]
[SourceVersion "1"]
[SourceVersionDate "2014.11.20"]
[SourceQuality "1"]

1. Nf3 e6 2. c4 d5 3. d4 Nf6 4. g3 c5 5. cxd5 Qxd5 6. Nc3 Qc6 7. e4 a6 8. d5 exd5 9. exd5 Qb6 10. Bg2 Be7 11. 0-0 0-0 12. a4 Bg4 13. a5 Qc7 14. Qb3 Nbd7 15. Bf4 Bd6 16. Bxd6 Qxd6 17. Nd2 b5 18. axb6 Nxb6 19. Nce4 Nxe4 20. Nxe4 c4 21. Nxd6 cxb3 22. Rfc1 Nxd5 23. Bxd5 Rfd8 24. Bxa8 Rxa8 25. Rc3 Rd8 26. Rxa6 1-0

[Event "CP-2009-S-00005"]
[Site "LSS email"]
[Date "2012.05.08"]
[Round "?"]
[White "Lemanczyk, Thomas"]
[Black "Agrafenin, Andrey Alexandrovic"]
[Result "1/2-1/2"]
[WhiteElo "2267"]
[BlackElo "2130"]
[PlyCount "60"]
[EventDate "2012.05.11"]
[EventType "tourn (corr)"]
[EventRounds "6"]
[EventCountry "GER"]
[SourceTitle "Telechess CBM 159"]
[Source "ChessBase"]
[SourceDate "2014.03.17"]
[SourceVersion "1"]
[SourceVersionDate "2014.03.17"]
[SourceQuality "1"]

1. Nf3 Nf6 2. c4 g6 3. g3 Bg7 4. Bg2 0-0 5. 0-0 d6 6. d4 c6 7. Nc3 Qb6 8. Re1 Na6 9. e4 e5 10. h3 exd4 11. Nxd4 Nd7 12. Nb3 Ne5 13. Bf1 Be6 14. Be3 Qd8 15. Nd2 Nb4 16. Qb1 d5 17. cxd5 cxd5 18. Bc5 d4 19. Bxb4 dxc3 20. Bxc3 Rc8 21. Rd1 Qb6 22. Bg2 f5 23. exf5 Bxf5 24. Ne4 Bxe4 25. Qxe4 Qxf2+ 26. Kh1 Qxg3 27. Be1 Qg5 28. Bd2 Qg3 29. Be1 Qg5 30. Bd2 Qg3 1/2-1/2

[Event "CP-2011-P-00032"]
[Site "LSS email"]
[Date "2011.09.30"]
[Round "?"]
[White "De Waele, Willy"]
[Black "Lemanczyk, Thomas"]
[Result "1/2-1/2"]
[WhiteElo "1969"]
[BlackElo "2271"]
[PlyCount "44"]
[EventDate "2011.10.01"]
[EventType "tourn (corr)"]
[EventRounds "6"]
[EventCountry "GER"]
[SourceTitle "Telechess CBM 155"]
[Source "ChessBase"]
[SourceDate "2013.07.16"]
[SourceVersion "1"]
[SourceVersionDate "2013.07.16"]
[SourceQuality "1"]

1. e4 e6 2. d4 d5 3. Nc3 Nf6 4. Bg5 dxe4 5. Nxe4 Be7 6. Bxf6 gxf6 7. Nf3 f5 8. Nc3 a6 9. g3 b5 10. Bg2 Bb7 11. 0-0 0-0 12. Ne5 Bxg2 13. Kxg2 Bf6 14. Qf3 Qxd4 15. Qxa8 Bxe5 16. f4 Bf6 17. Qf3 Qc5 18. Rf2 Nc6 19. Nd1 Rd8 20. c3 b4 21. a3 bxc3 22. Nxc3 Nd4 1/2-1/2

[Event "CP-2011-P-00032"]
[Site "LSS email"]
[Date "2011.09.30"]
[Round "?"]
[White "Lemanczyk, Thomas"]
[Black "Koehler, Josef"]
[Result "1/2-1/2"]
[WhiteElo "2271"]
[BlackElo "2098"]
[PlyCount "63"]
[EventDate "2011.10.01"]
[EventType "tourn (corr)"]
[EventRounds "6"]
[EventCountry "GER"]
[SourceTitle "Telechess CBM 155"]
[Source "ChessBase"]
[SourceDate "2013.07.16"]
[SourceVersion "1"]
[SourceVersionDate "2013.07.16"]
[SourceQuality "1"]

1. Nf3 Nf6 2. c4 e6 3. g3 d5 4. d4 dxc4 5. Bg2 a6 6. 0-0 Nc6 7. e3 Bd7 8. Qe2 b5 9. b3 cxb3 10. axb3 Be7 11. Bb2 0-0 12. Rc1 Nd5 13. Nc3 Ndb4 14. Ne4 Rb8 15. Nc5 Rb6 16. Ne1 Bc8 17. Ned3 Nxd3 18. Qxd3 Nb4 19. Qd2 Nd5 20. e4 Nf6 21. Qc3 Re8 22. b4 Bf8 23. Qb3 Rc6 24. Rd1 Qe7 25. Rac1 h6 26. Rd2 Rd8 27. Rdc2 Qe8 28. Bf3 Rb6 29. Re2 e5 30. d5 Bh3 31. Nd3 Bd6 32. Bh1 1/2-1/2

[Event "CP-2011-P-00032"]
[Site "LSS email"]
[Date "2011.09.30"]
[Round "?"]
[White "Lemanczyk, Thomas"]
[Black "Moreno Roman, Alejandro"]
[Result "1-0"]
[WhiteElo "2271"]
[BlackElo "1168"]
[PlyCount "33"]
[EventDate "2011.10.01"]
[EventType "tourn (corr)"]
[EventRounds "6"]
[EventCountry "GER"]
[SourceTitle "Corr 2015"]
[Source "ChessBase"]
[SourceDate "2015.07.17"]
[SourceVersion "1"]
[SourceVersionDate "2015.07.17"]
[SourceQuality "1"]

1. d4 c6 2. c4 d5 3. Nf3 Nf6 4. Nc3 e6 5. Bg5 Be7 6. e3 0-0 7. Qc2 Nbd7 8. Rd1 b6 9. Bd3 Bb7 10. 0-0 h6 11. Bf4 Rc8 12. Qe2 Re8 13. cxd5 Nxd5 14. Nxd5 cxd5 15. Bb5 Bc6 16. Ba6 Ra8 17. Rc1 1-0

[Event "CP-2009-Q-00010"]
[Site "LSS email"]
[Date "2011.02.03"]
[Round "?"]
[White "Avdeev, Sergey"]
[Black "Lemanczyk, Thomas"]
[Result "1/2-1/2"]
[WhiteElo "2027"]
[BlackElo "2271"]
[PlyCount "30"]
[EventDate "2011.02.05"]
[EventType "tourn (corr)"]
[EventRounds "6"]
[EventCountry "GER"]
[SourceTitle "Corr 2015"]
[Source "ChessBase"]
[SourceDate "2015.07.17"]
[SourceVersion "1"]
[SourceVersionDate "2015.07.17"]
[SourceQuality "1"]

1. e4 Nf6 2. e5 Nd5 3. d4 d6 4. Nf3 dxe5 5. Nxe5 c6 6. Be2 Bf5 7. 0-0 Nd7 8. Nf3 e6 9. c4 N5f6 10. Nh4 Bxb1 11. Rxb1 Bd6 12. Nf3 0-0 13. Qc2 Re8 14. Be3 e5 15. g3 exd4 1/2-1/2

[Event "CP-2009-Q-00010"]
[Site "LSS email"]
[Date "2011.02.03"]
[Round "?"]
[White "Lemanczyk, Thomas"]
[Black "Helmer, Janos"]
[Result "1-0"]
[WhiteElo "2271"]
[BlackElo "2079"]
[PlyCount "95"]
[EventDate "2011.02.05"]
[EventType "tourn (corr)"]
[EventRounds "6"]
[EventCountry "GER"]
[SourceTitle "Telechess CBM 155"]
[Source "ChessBase"]
[SourceDate "2013.07.16"]
[SourceVersion "1"]
[SourceVersionDate "2013.07.16"]
[SourceQuality "1"]

1. d4 e6 2. e4 d5 3. Nd2 c5 4. Ngf3 cxd4 5. exd5 Qxd5 6. Bc4 Qd6 7. 0-0 Nf6 8. Nb3 Nc6 9. Nbxd4 Nxd4 10. Nxd4 a6 11. Re1 Be7 12. c3 0-0 13. Qf3 Qc5 14. Bd3 Rd8 15. Bf4 Nd5 16. Be5 Bf6 17. Rad1 Bxe5 18. Rxe5 g6 19. h4 Qc7 20. Rde1 Nb4 21. h5 Nxd3 22. Qxd3 Bd7 23. Qg3 Qd6 24. Nf3 Qe7 25. hxg6 hxg6 26. Rh5 Kg7 27. Rh4 Rh8 28. Rxh8 Rxh8 29. Qc7 Qd8 30. Qxb7 Rh5 31. c4 Bc8 32. Qa7 Qh8 33. Kf1 Qd8 34. g4 Rh1+ 35. Ke2 Rxe1+ 36. Kxe1 Qf6 37. Qd4 Qxd4 38. Nxd4 e5 39. Nc6 Kf6 40. Nb4 Ke6 41. g5 a5 42. Nc6 a4 43. b4 axb3 44. axb3 Kd6 45. Na5 Kc5 46. Kd2 Kb4 47. Nc6+ Kxb3 48. Nxe5 1-0

[Event "CP-2009-Q-00010"]
[Site "LSS email"]
[Date "2011.02.03"]
[Round "?"]
[White "Szabo, Vilmos"]
[Black "Lemanczyk, Thomas"]
[Result "1/2-1/2"]
[WhiteElo "2389"]
[BlackElo "2271"]
[PlyCount "54"]
[EventDate "2011.02.05"]
[EventType "tourn (corr)"]
[EventRounds "6"]
[EventCountry "GER"]
[SourceTitle "Telechess CBM 155"]
[Source "ChessBase"]
[SourceDate "2013.07.16"]
[SourceVersion "1"]
[SourceVersionDate "2013.07.16"]
[SourceQuality "1"]

1. Nf3 d5 2. d4 Nf6 3. c4 c6 4. Nc3 e6 5. Bg5 h6 6. Bxf6 Qxf6 7. e3 Nd7 8. Bd3 dxc4 9. Bxc4 g6 10. 0-0 Bg7 11. Qc2 0-0 12. Be2 Qe7 13. Rfd1 Rd8 14. Rac1 b6 15. Qa4 c5 16. Qc6 Rb8 17. Qc7 cxd4 18. Nxd4 Bb7 19. Ndb5 a6 20. Nd6 Be5 21. f4 Bxd6 22. Qxd6 Kf8 23. Qd4 e5 24. Qd6 exf4 25. exf4 Nc5 26. Qxe7+ Kxe7 27. g3 Rbc8 1/2-1/2

[Event "LSS SM-2009-0-00093"]
[Site "LSS email"]
[Date "2010.01.15"]
[Round "?"]
[White "Markus, Roland"]
[Black "Lemanczyk, Thomas"]
[Result "1/2-1/2"]
[WhiteElo "2216"]
[BlackElo "2256"]
[PlyCount "42"]
[EventDate "2009.12.16"]
[EventType "tourn (corr)"]
[EventRounds "6"]
[EventCountry "GER"]
[SourceTitle "Telechess CBM 141"]
[Source "ChessBase"]
[SourceDate "2011.03.17"]
[SourceVersion "1"]
[SourceVersionDate "2011.03.17"]
[SourceQuality "1"]

1. e4 c5 2. Ne2 Nc6 3. Nbc3 d6 4. g3 g6 5. Bg2 Bg7 6. h3 e5 7. 0-0 Nge7 8. d3 0-0 9. f4 Be6 10. Nd5 Qd7 11. Kh2 Rae8 12. fxe5 Bxd5 13. exd5 Nxe5 14. Bf4 Nf5 15. Qd2 h6 16. Rae1 g5 17. Bxe5 Rxe5 18. Be4 Ne7 19. c4 b5 20. b3 bxc4 21. bxc4 Ng6 1/2-1/2

[Event "LSS SM-2009-0-00093"]
[Site "LSS email"]
[Date "2010.01.14"]
[Round "?"]
[White "Lemanczyk, Thomas"]
[Black "Janosi, Ervin"]
[Result "1-0"]
[WhiteElo "2242"]
[BlackElo "1849"]
[PlyCount "63"]
[EventDate "2009.12.16"]
[EventType "tourn (corr)"]
[EventRounds "6"]
[EventCountry "GER"]
[SourceTitle "Telechess CBM 147"]
[Source "ChessBase"]
[SourceDate "2012.03.16"]
[SourceVersion "1"]
[SourceVersionDate "2012.03.16"]
[SourceQuality "1"]

1. c4 Nf6 2. Nc3 g6 3. g3 Bg7 4. Bg2 d6 5. d4 0-0 6. Nf3 Nbd7 7. 0-0 e5 8. e4 c6 9. h3 Re8 10. Be3 exd4 11. Nxd4 Nc5 12. Qc2 Qe7 13. Rfe1 Bd7 14. Nb3 Ne6 15. Rad1 a5 16. Nd4 Nxd4 17. Rxd4 Be6 18. Red1 Red8 19. Na4 Rab8 20. R4d3 b5 21. cxb5 cxb5 22. Nb6 a4 23. b3 axb3 24. axb3 Nd7 25. Nd5 Bxd5 26. Rxd5 Nf6 27. R5d2 Ne8 28. Qd3 Rdc8 29. Rc2 b4 30. Rc4 Rxc4 31. Qxc4 Bc3 32. Bf4 1-0

[Event "LSS SM-2009-0-00093"]
[Site "LSS email"]
[Date "2010.01.14"]
[Round "?"]
[White "Lemanczyk, Thomas"]
[Black "Rudolf, Michal"]
[Result "1/2-1/2"]
[WhiteElo "2243"]
[BlackElo "2236"]
[PlyCount "88"]
[EventDate "2009.12.16"]
[EventType "tourn (corr)"]
[EventRounds "6"]
[EventCountry "GER"]
[SourceTitle "Telechess CBM 141"]
[Source "ChessBase"]
[SourceDate "2011.03.17"]
[SourceVersion "1"]
[SourceVersionDate "2011.03.17"]
[SourceQuality "1"]

1. c4 Nf6 2. Nc3 g6 3. g3 Bg7 4. Bg2 0-0 5. d3 d6 6. Rb1 a5 7. e4 e5 8. Nge2 Nc6 9. 0-0 Be6 10. f4 exf4 11. Nxf4 Bg4 12. Qe1 Bd7 13. h3 Nd4 14. Qf2 Ne6 15. Be3 Nxf4 16. gxf4 Nh5 17. f5 Be5 18. d4 Bg3 19. Qd2 Bh4 20. Bf3 Ng3 21. Rf2 gxf5 22. Kh2 fxe4 23. Bxe4 f5 24. Bxb7 Rb8 25. Bf3 Kh8 26. d5 f4 27. Bxf4 Nf5 28. Rff1 Bf6 29. b3 Bg7 30. Bg4 a4 31. Nxa4 Qh4 32. Qe1 Qf6 33. Rd1 Rbe8 34. Qf2 Nd4 35. Nc3 Bxg4 36. hxg4 Qg6 37. Rxd4 Qxg4 38. Re4 Bxc3 39. Re3 Rxe3 40. Qxe3 Bg7 41. Qg3 Qh5+ 42. Qh3 Qe2+ 43. Qg2 Qh5+ 44. Qh3 Qe2+ 1/2-1/2